000 02219cam a22004814i 4500
003 PE-LiUPU
005 20250731165531.0
008 150623s r 000 0 d
035 _a(Sirsi) a29638
035 _a(Sirsi) a29638
040 _aPE-LiUPU
_bspa
_cPE-LiUPU
_erda
100 1 _aCalvino, Juan,
_eautor.
245 1 0 _aInstitución de la religión cristiana.
_n2 /
_cJuan Calvino.
264 1 _aRijswijk, Paises Bajos :
_bFundación Editorial de Literatura Reformada,
_c[196.].
300 _a623-1262 páginas ;
_c23 cm.
336 _atext
_2rdacontent
337 _aunmediated
_2rdamedia
338 _avolume
_2rdacarrier
505 0 _aDe la manera de participar de la gracia de Jesucristo frutos que se obtienen de ello y efectos que se siguen. (623 al 728 p.). -De los medios externos o ayudas de que Dios se sirve para llamarnos a la compañia de su hijo, Jesucristo, y para mantenernos en ella. (803 al 1167 p.).
526 _aSEG44
526 _aSEG26
526 _aP151
526 _aP150
526 _aP149
526 _aP146
526 _aP145
526 _aP126
526 _aP125
526 _aP92
526 _aP75
526 _aP74
526 _aP27
526 _aP15
942 _2ddc
_cBOOK
949 _aRC 284.2 C18 2
_wDEWEY
_c1
_i18942
_lRC
_mBUL
_r0
_sY
_tBOOK
_u2015-6-24
_xBIBLIOTECA
_zUNKNOWN
_0COMPRA
_o.CIRCNOTE. No olvidar cambiar la fecha de devolución!!!!!!!
_o.STAFF. Colección General
949 _aRC 284.2 C18 2
_wDEWEY
_c2
_i16250
_lRC
_mBUL
_r0
_sY
_tBOOK
_u2015-6-24
_xTEOLOGIA
_PP35
_0COMPRA
_o.CIRCNOTE. No olvidar cambiar la fecha de devolución!!!!!!!
_o.STAFF. Colección General
994 _aC0
_bPEPRU
596 _a1
999 _aRC 284.2 C18 2
_wDEWEY
_c37016
_i18942
_d37016
_f2021-11-8
_g6
_lCCODEBUL1
_mBUL
_q2
_r1
_sY
_tBOOK
_u2015-6-24
_xTEOLOGIA
_zUNKNOWN
_0COMPRA
_o.CIRCNOTE. No olvidar cambiar la fecha de devolución!!!!!!!
_o.STAFF. Colección General
999 _aRC 284.2 C18 2
_wDEWEY
_c2
_i16250
_d2018-9-10
_f2021-11-8
_g6
_lCCODEBUL1
_mBUL
_q1
_r1
_sY
_tBOOK
_u2015-6-24
_xTEOLOGIA
_PP35
_0COMPRA
_o.CIRCNOTE. No olvidar cambiar la fecha de devolución!!!!!!!
_o.STAFF. Colección General
980 _81
_gALBERTO SANCHEZ Responsable de Automatización